00718nam a2200217Ia 4500003000900000008004100009020001800050040001600068080002200084245005100106260003000157300001400187650003000201650004100231650002900272650001100301700002400312942000700336999001700343952014000360IN-BaIIA211028s9999 xx 000 0 eng d a0-444-50908-9 cIIA Library a047.1:535bPRO-42 0aProgress in opticsbvol. 42cedited by E. Wolf aAmsterdambElsevierc2001 axi, 424p. aAstronomical optics92030 aAstronomy and astrophysics Thesaurus aOptical properties93730 aOptics aWolf, E., ed.93849 cBK c14530d14530 00104070aBANbBANcGENd2002-03-07eEDS g7637.18l0o047.1:535/ PRO-42p15452r2021-11-05v7637.18w2002-03-07yBKGRs. 7637.18